Các bài giảng chuyên đề về lịch sử các nước Tây Âu và Hoa Kỳ. t.II /
Guardado en:
| Autor principal: | |
|---|---|
| Formato: | Sách giấy |
| Lenguaje: | Vietnamese |
| Publicado: |
TP. HCM :
Đại học Sư phạm,
2005.
|
| Materias: | |
| Etiquetas: |
Agregar Etiqueta
Sin Etiquetas, Sea el primero en etiquetar este registro!
|
| Thư viện lưu trữ: | Thư viện Trường Đại học Đà Lạt |
|---|
| LEADER | 01142nam a2200349 4500 | ||
|---|---|---|---|
| 001 | DLU110121140 | ||
| 005 | ##20110512 | ||
| 040 | # | # | |a DLU |b vie |
| 041 | # | # | |a vie |
| 044 | # | # | |a vn |
| 082 | # | # | |a 940 |b LE-H |
| 100 | # | # | |a Lê Phụng Hoàng. |
| 245 | # | # | |a Các bài giảng chuyên đề về lịch sử các nước Tây Âu và Hoa Kỳ. |n t.II / |c Lê Phụng Hoàng. |
| 260 | # | # | |a TP. HCM : |b Đại học Sư phạm, |c 2005. |
| 300 | # | # | |a 188 tr. ; |c 21 cm. |
| 505 | # | # | |a Bài 1. Nhìn lại một vài vấn đề cách mạng tư sản Anh trong thế kỷ XVII -- Bài 2. Vai trò của "Chính phủ vệ quốc" trong chín tranh Pháp - Phổ (1870-1871) -- Bài 3. Một số kiến thức cơ bản về sinh hoạt chính trị ở các nước phương Tây. |
| 653 | # | # | |a Giáo trình |
| 653 | # | # | |a Hoa Kỳ |
| 653 | # | # | |a Lịch sử |
| 653 | # | # | |a Tây Âu |
| 923 | # | # | |a 05/2011 |
| 990 | # | # | |a t.II |
| 991 | # | # | |a GT |
| 992 | # | # | |a 11000 |
| 994 | # | # | |a DLU |
| 900 | # | # | |a True |
| 911 | # | # | |a Đào Thị Thu Huyền |
| 925 | # | # | |a G |
| 926 | # | # | |a A |
| 927 | # | # | |a SH |
| 980 | # | # | |a Thư viện Trường Đại học Đà Lạt |